<?xml version="1.0" encoding="UTF-8"?>
<record
    xmlns:xsi="http://www.w3.org/2001/XMLSchema-instance"
    xsi:schemaLocation="http://www.loc.gov/MARC21/slim http://www.loc.gov/standards/marcxml/schema/MARC21slim.xsd"
    xmlns="http://www.loc.gov/MARC21/slim">

  <leader>01225naa a22003257a 4500</leader>
  <controlfield tag="001">BR8903652</controlfield>
  <controlfield tag="003">BR-BrBNA</controlfield>
  <controlfield tag="005">20240918180508.0</controlfield>
  <controlfield tag="007">ta</controlfield>
  <controlfield tag="008">230509b bl.||||| |||| 00| 0 por d</controlfield>
  <datafield tag="040" ind1=" " ind2=" ">
    <subfield code="a">BR-BrBNA</subfield>
    <subfield code="b">por</subfield>
    <subfield code="c">Biblioteca Nacional de Agricultura</subfield>
  </datafield>
  <datafield tag="041" ind1=" " ind2=" ">
    <subfield code="a">(Pt)</subfield>
  </datafield>
  <datafield tag="072" ind1=" " ind2=" ">
    <subfield code="a">F50</subfield>
    <subfield code="b">3290</subfield>
    <subfield code="b">G514</subfield>
    <subfield code="b">GZ74</subfield>
  </datafield>
  <datafield tag="090" ind1=" " ind2=" ">
    <subfield code="a">F50 BR8903652</subfield>
  </datafield>
  <datafield tag="100" ind1="1" ind2=" ">
    <subfield code="a">Paula, J.E. de</subfield>
  </datafield>
  <datafield tag="100" ind1="1" ind2=" ">
    <subfield code="a">Heringer, E.P.</subfield>
  </datafield>
  <datafield tag="111" ind1="1" ind2=" ">
    <subfield code="a">30. Congresso Nacional de Botanica</subfield>
    <subfield code="c">Campo Grande, MS (Brazil)</subfield>
    <subfield code="d">21-27 Jan 1979</subfield>
  </datafield>
  <datafield tag="245" ind1="1" ind2=" ">
    <subfield code="a">Duas especies da flora do planalto central brasileiro. Virola sebifera Aubl. e Virola lieneanapaula e Heringer sp nov.</subfield>
  </datafield>
  <datafield tag="260" ind1="3" ind2=" ">
    <subfield code="a">Sao Paulo, SP (Brasil): </subfield>
    <subfield code="c">1979. </subfield>
  </datafield>
  <datafield tag="500" ind1=" " ind2=" ">
    <subfield code="a">Anais da Sociedade Botanica do Brasil. 30. Congresso Nacional de Botanica
Sao Paulo, SP (Brasil): 1979. p. 89-99
(BR8903652-AM)F50
</subfield>
  </datafield>
  <datafield tag="650" ind1=" " ind2=" ">
    <subfield code="a">ARVORE ANGIOSPERMA</subfield>
  </datafield>
  <datafield tag="650" ind1=" " ind2=" ">
    <subfield code="a">MADEIRA</subfield>
  </datafield>
  <datafield tag="650" ind1=" " ind2=" ">
    <subfield code="a">FOLHA</subfield>
  </datafield>
  <datafield tag="650" ind1=" " ind2=" ">
    <subfield code="a">ANATOMIA VEGETAL</subfield>
  </datafield>
  <datafield tag="650" ind1=" " ind2=" ">
    <subfield code="a">MORFOLOGIA VEGETAL</subfield>
  </datafield>
  <datafield tag="650" ind1=" " ind2=" ">
    <subfield code="a">CERRADO</subfield>
  </datafield>
  <datafield tag="773" ind1="0" ind2=" ">
    <subfield code="t">Anais da Sociedade Botanica do Brasil. 30. Congresso Nacional de Botanica</subfield>
    <subfield code="w">F50 BR8903652</subfield>
    <subfield code="g">Sao Paulo, SP (Brasil), 1979. p. 89-99</subfield>
  </datafield>
  <datafield tag="909" ind1=" " ind2=" ">
    <subfield code="a">202404</subfield>
    <subfield code="b">Lucia</subfield>
    <subfield code="c">55</subfield>
    <subfield code="d">Lucia Elande</subfield>
  </datafield>
  <datafield tag="942" ind1=" " ind2=" ">
    <subfield code="c">AM</subfield>
    <subfield code="2">AGRIS</subfield>
  </datafield>
  <datafield tag="999" ind1=" " ind2=" ">
    <subfield code="c">320684</subfield>
    <subfield code="d">320684</subfield>
  </datafield>
  <datafield tag="952" ind1=" " ind2=" ">
    <subfield code="0">0</subfield>
    <subfield code="2">AGRIS</subfield>
    <subfield code="4">0</subfield>
    <subfield code="7">0</subfield>
    <subfield code="8">Acervo Geral</subfield>
    <subfield code="a">41918</subfield>
    <subfield code="b">41918</subfield>
    <subfield code="c">Agrobase</subfield>
    <subfield code="l">0</subfield>
    <subfield code="o">3290 BR8903643</subfield>
    <subfield code="r">2024-05-20</subfield>
    <subfield code="t">01</subfield>
    <subfield code="y">AM</subfield>
    <subfield code="1">0</subfield>
    <subfield code="d">2024-04-11</subfield>
    <subfield code="e">Portaria Interministerial n&#xBA; 164/94</subfield>
  </datafield>
</record>
